| 000 | 00557nam a22001817a 4500 | ||
|---|---|---|---|
| 005 | 20251108171201.0 | ||
| 008 | 250721s1993 xx 000 0 ara d | ||
| 082 | 1 | 4 | _a210.413343/عبد |
| 100 | 1 | _aإبراهيم، عبد الرحمن بن عبد الوهاب | |
| 245 | 1 | 0 | _aفيض القرآن في علاج مس الجان بالقرآن / |
| 264 | _c1993. | ||
| 300 | _a257ص | ||
| 490 | 0 | _aسلسلة العلاج بالقرآن ، 1 | |
| 650 | 1 | 7 | _aالإسلام و السحر |
| 650 | 1 | 7 | _aالسحر |
| 942 |
_2ddc _cBK |
||
| 999 |
_c58727 _d58727 |
||